000 00830nam a2200241Ia 4500
003 OSt
005 20221005112251.0
006 a|||||r|||| 00| 0
007 ta
008 221004b |||||||| |||| 00| 0 pan d
020 _a8185544735 (hbk)
_c200
024 _a106256
037 _b7848/III/A, 21/02/2011, Arsee Publishers
_cTextual
040 _aCRL
_cCRL
_bpan
041 _2pan
_apan
082 _aQ8441xJ63:g, 153P7
100 _aਰਮਿੰਦਰ ਕੌਰ
245 0 _aਗੁਰੂ ਅਰਜਨ ਦੇਵ ਜੀ
260 _aਅੰਮ੍ਰਿਤਸਰ
_bਲਿਟਰੇਚਰ ਹਾਊਸ ਭਾਰਤ
_c2007
300 _a148ਪੰ
_ccm.
942 _hQ8441xJ63:g, 153P7
_cTEXL
_2cc
999 _c1024372
_d1024372